[Event "USA tt"]
[Site "ICC INT"]
[Date "2009.09.28"]
[Round "5"]
[White "Zaikov, Oleg"]
[Black "Lugo, Blas"]
[Result "0-1"]
[WhiteElo "2385"]
[BlackElo "2380"]
[PlyCount "54"]
[EventDate "2009.08.31"]
[EventType "team (rapid)"]
[EventRounds "10"]
[EventCountry "USA"]
[SourceTitle "CBM 132 Extra"]
[Source "ChessBase"]
[SourceDate "2009.11.03"]
[SourceVersion "1"]
[SourceVersionDate "2009.11.03"]
[SourceQuality "1"]

1. d4 d5 2. c4 c6 3. Nf3 Nf6 4. Nc3 e6 5. Bg5 dxc4 6. e4 b5 7. e5 h6 8. Bh4 g5 9. exf6 gxh4 10. Ne5 Qxf6 11. a4 Bb7 12. axb5 Bd6 13. Nxc4 Bb4 14. Qb3 Qe7 15. Na5 Bxa5 16. Rxa5 Nd7 17. Be2 c5 18. d5 Nb6 19. dxe6 Bxg2 20. Rg1 h3 21. Na4 Qxe6 22. Qc3 0-0 23. Nxc5 Qf5 24. Ra1 Rfe8 25. Rd1 Nd5 26. Qg3+ Kh8 27. Qd3 Nf4 0-1

[Event "USA tt"]
[Site "ICC INT"]
[Date "2009.09.21"]
[Round "4"]
[White "Burnett, Ronald"]
[Black "Lugo, Blas"]
[Result "0-1"]
[WhiteElo "2368"]
[BlackElo "2380"]
[PlyCount "86"]
[EventDate "2009.08.31"]
[EventType "team (rapid)"]
[EventRounds "10"]
[EventCountry "USA"]
[SourceTitle "CBM 132 Extra"]
[Source "ChessBase"]
[SourceDate "2009.11.03"]
[SourceVersion "1"]
[SourceVersionDate "2009.11.03"]
[SourceQuality "1"]

1. Nf3 d5 2. d4 Nf6 3. c4 c6 4. e3 e6 5. Nbd2 Nbd7 6. Bd3 Bd6 7. 0-0 0-0 8. e4 e5 9. cxd5 cxd5 10. exd5 exd4 11. Ne4 Nxe4 12. Bxe4 Nc5 13. Bb1 d3 14. b4 Ne4 15. Qxd3 f5 16. a3 a5 17. Bb2 axb4 18. axb4 Rxa1 19. Bxa1 Qb6 20. Ba2 Qxb4 21. Bd4 Qa5 22. Bb3 Qc7 23. Ne5 Nc5 24. Qf3 Kh8 25. Re1 Qa5 26. Bc3 Qc7 27. Ba2 Ne4 28. Rxe4 fxe4 29. Qxf8+ Bxf8 30. d6 Bxd6 31. Nf7+ Kg8 32. Nxd6+ Kf8 33. Nxe4 Qe7 34. Bd5 Bf5 35. Ng3 Bg6 36. Bf3 b5 37. h3 b4 38. Bd4 b3 39. Ne2 Qa3 40. g3 b2 41. Bxb2 Qxf3 42. Nd4 Qd3 43. Ne6+ Ke7 0-1

[Event "USA tt"]
[Site "ICC INT"]
[Date "2008.10.01"]
[Round "6"]
[White "Lugo, Blas"]
[Black "Tate, Emory"]
[Result "0-1"]
[WhiteElo "2407"]
[BlackElo "2377"]
[PlyCount "120"]
[EventDate "2008.10.22"]
[EventType "team"]
[EventRounds "10"]
[EventCountry "USA"]
[SourceTitle "CBM 126 Extra"]
[Source "ChessBase"]
[SourceDate "2008.11.05"]
[SourceVersion "1"]
[SourceVersionDate "2008.11.05"]
[SourceQuality "1"]

1. e4 c6 2. Nc3 d5 3. Nf3 Bg4 4. d4 e6 5. h3 Bxf3 6. Qxf3 Qb6 7. Bd3 Nf6 8. 0-0 Be7 9. exd5 cxd5 10. Qg3 0-0 11. Qh4 Nc6 12. Bg5 Qxd4 13. Bxh7+ Nxh7 14. Bxe7 Qxh4 15. Bxh4 Nd4 16. Rfd1 Nf5 17. Bg3 Nxg3 18. fxg3 Rfc8 19. Rd4 Rc7 20. g4 Rac8 21. Rb4 a6 22. a4 Rd7 23. Rd1 Nf6 24. g5 Ne8 25. Rbd4 Rdc7 26. g6 fxg6 27. Re1 Rc6 28. Rb4 b6 29. Ne2 a5 30. Rb3 Rc4 31. Rxb6 Re4 32. c3 Nf6 33. Kf1 Rf8 34. Kg1 Nh5 35. b4 Nf4 36. bxa5 Rxe2 37. Rxe2 Nxe2+ 38. Kh2 Nxc3 39. Rxe6 Ra8 40. a6 Ne4 41. Rxg6 Nf6 42. Rg3 Rxa6 43. Ra3 Ra5 44. Kg3 Kf7 45. Kf4 Ke6 46. Kg5 d4+ 47. Kg6 Ra7 48. g4 Kd5 49. g5 Ne4 50. h4 Kc4 51. a5 d3 52. Ra4+ Kd5 53. h5 d2 54. Ra1 Kd4 55. h6 Ra6+ 56. Kxg7 Nxg5 57. Rg1 Rxa5 58. Kg6 Kc3 59. Rxg5 Ra6+ 60. Kg7 d1Q 0-1

[Event "USA-ch Qualifier"]
[Site "Tulsa"]
[Date "2008.03.30"]
[Round "7"]
[White "Lugo, Blas"]
[Black "Naroditsky, Daniel"]
[Result "1/2-1/2"]
[WhiteElo "2411"]
[BlackElo "2205"]
[PlyCount "82"]
[EventDate "2008.03.28"]
[EventType "swiss"]
[EventRounds "7"]
[EventCountry "USA"]
[SourceTitle "CBM 123 Extra"]
[Source "ChessBase"]
[SourceDate "2008.05.06"]
[SourceVersion "1"]
[SourceVersionDate "2008.05.06"]
[SourceQuality "1"]

1. e4 c5 2. Nf3 d6 3. d4 cxd4 4. Nxd4 Nf6 5. Nc3 a6 6. Be3 e5 7. Nb3 Be6 8. f3 Be7 9. Qd2 0-0 10. 0-0-0 Nbd7 11. g4 b5 12. g5 b4 13. Ne2 Ne8 14. h4 a5 15. Kb1 a4 16. Nbc1 b3 17. cxb3 axb3 18. Nxb3 Qb8 19. Nc3 Nc7 20. Nd5 Bxd5 21. exd5 Nb6 22. h5 Ncxd5 23. g6 Nxe3 24. Qxe3 d5 25. h6 fxg6 26. Rxd5 Nxd5 27. Bc4 Bf6 28. Bxd5+ Kh8 29. hxg7+ Bxg7 30. Qg5 Ra6 31. Nc5 e4 32. Bb3 Raf6 33. Nd7 Qf4 34. Nxf6 Rxf6 35. Qxf4 Rxf4 36. fxe4 Rxe4 37. Bc2 Re6 38. b4 Bc3 39. a3 Ra6 40. Rh3 Rxa3 41. Bxg6 Bxb4 1/2-1/2

[Event "Lubbock SPICE Cup"]
[Site "Lubbock"]
[Date "2007.11.11"]
[Round "4"]
[White "Hernandez Guerrero, Gilberto Eduardo"]
[Black "Lugo, Blas"]
[Result "1/2-1/2"]
[WhiteElo "2536"]
[BlackElo "2411"]
[PlyCount "68"]
[EventDate "2007.11.09"]
[EventType "tourn"]
[EventRounds "9"]
[EventCountry "USA"]
[EventCategory "12"]
[SourceTitle "EXT 2008"]
[Source "ChessBase"]
[SourceDate "2007.11.25"]
[SourceVersion "1"]
[SourceVersionDate "2007.11.25"]
[SourceQuality "1"]

1. e4 e5 2. Nf3 Nc6 3. Bb5 a6 4. Ba4 Nf6 5. d3 b5 6. Bb3 Bc5 7. Nc3 d6 8. Nd5 h6 9. Nxf6+ Qxf6 10. Bd5 Bd7 11. Be3 Rd8 12. Bxc6 Bxc6 13. Bxc5 dxc5 14. Qe2 0-0 15. Qe3 Qe7 16. 0-0-0 f5 17. Rhg1 f4 18. Qe2 a5 19. g4 g6 20. Kb1 Rd6 21. Rd2 Rfd8 22. h3 Be8 23. c4 a4 24. Rc1 b4 25. Rg1 Bf7 26. Rc1 Kg7 27. Rcd1 Qe6 28. Kc1 R6d7 29. Kb1 Rd6 30. Kc1 Be8 31. Kb1 Bc6 32. Rc1 Bb7 33. Rcd1 Ba6 34. Rc1 Bb7 1/2-1/2

[Event "USA tt"]
[Site "ICC INT"]
[Date "2006.08.30"]
[Round "1"]
[White "Lugo, Blas"]
[Black "Foygel, Igor"]
[Result "1-0"]
[WhiteElo "2408"]
[BlackElo "2469"]
[PlyCount "117"]
[EventDate "2006.08.30"]
[EventType "team"]
[EventRounds "10"]
[EventCountry "USA"]
[SourceTitle "CBM 114 Extra"]
[Source "ChessBase"]
[SourceDate "2006.11.03"]
[SourceVersion "1"]
[SourceVersionDate "2006.11.03"]
[SourceQuality "1"]
[WhiteTeam "Miami"]
[BlackTeam "Boston Blitz"]
[WhiteTeamCountry "USA"]
[BlackTeamCountry "USA"]

1. e4 d6 2. d4 Nf6 3. Nc3 g6 4. Bg5 h6 5. Bh4 c6 6. e5 dxe5 7. dxe5 Nd5 8. Bc4 Be6 9. Nf3 Nd7 10. Bxd5 cxd5 11. 0-0 Bg7 12. Re1 Nb6 13. Nd4 Qd7 14. Nxe6 Qxe6 15. Nb5 Qd7 16. Nd4 e6 17. b3 Nc8 18. Qf3 g5 19. Bg3 h5 20. h4 g4 21. Qe3 Ne7 22. Rad1 Bh6 23. Qe2 a6 24. c4 Rc8 25. Kh1 Rc5 26. f3 dxc4 27. bxc4 Qc7 28. Rb1 Rxc4 29. Rxb7 Qxb7 30. Qxc4 gxf3 31. Nxf3 Rg8 32. Bf2 Rg4 33. Qd3 Nf5 34. Rb1 Rb4 35. Rxb4 Qxb4 36. Qxa6 Qb1+ 37. Kh2 Kf8 38. Qe2 Qa1 39. Qc4 Kg7 40. Qe2 Kg6 41. Qc2 Bf4+ 42. g3 Bxe5 43. a4 Bd6 44. Nd4 Bxg3+ 45. Bxg3 Qxd4 46. Bf2 Qf4+ 47. Kg1 Kg7 48. Qc3+ Kh7 49. a5 Qg4+ 50. Kf1 Qd1+ 51. Kg2 Qg4+ 52. Kf1 Qd1+ 53. Qe1 Qd3+ 54. Qe2 Qh3+ 55. Kg1 Kg6 56. a6 Qb3 57. a7 Qb7 58. Qd3 Qa8 59. Qh3 1-0

[Event "USA-ch GpB"]
[Site "San Diego"]
[Date "2006.03.05"]
[Round "3"]
[White "Yermolinsky, Alex"]
[Black "Lugo, Blas"]
[Result "1-0"]
[WhiteElo "2554"]
[BlackElo "2412"]
[PlyCount "47"]
[EventDate "2006.03.02"]
[EventType "swiss"]
[EventRounds "9"]
[EventCountry "USA"]
[SourceTitle "CBM 112"]
[Source "ChessBase"]
[SourceDate "2006.06.07"]
[SourceVersion "1"]
[SourceVersionDate "2006.06.07"]
[SourceQuality "1"]

1. d4 d5 2. c4 c6 3. Nf3 Nf6 4. e3 e6 5. Bd3 Nbd7 6. 0-0 Ne4 7. Nfd2 f5 8. f3 Nxd2 9. Nxd2 Bd6 10. b3 0-0 11. Bb2 e5 12. cxd5 cxd5 13. dxe5 Nxe5 14. Qe2 f4 15. Rfe1 fxe3 16. Qxe3 Nxd3 17. Qxd3 Qg5 18. Kh1 Bd7 19. Be5 Bb4 20. Qxd5+ Kh8 21. Qxd7 Rad8 22. Qxb7 Bxd2 23. Re4 Bc1 24. Qxg7+ 1-0

[Event "USA tt"]
[Site "ICC INT"]
[Date "2005.11.02"]
[Round "10"]
[White "Lugo, Blas"]
[Black "Pruess, David"]
[Result "1/2-1/2"]
[WhiteElo "2406"]
[BlackElo "2400"]
[PlyCount "196"]
[EventDate "2005.10.05"]
[EventType "team"]
[EventRounds "10"]
[EventCountry "USA"]
[SourceTitle "CBM 108 Extra"]
[Source "ChessBase"]
[SourceDate "2005.11.04"]
[SourceVersion "1"]
[SourceVersionDate "2005.11.04"]
[SourceQuality "1"]

1. e4 e6 2. Nc3 d5 3. Nf3 Nf6 4. e5 Nfd7 5. d4 c5 6. dxc5 Nc6 7. Bf4 Be7 8. Bb5 Nxc5 9. Nd4 Bd7 10. Bxc6 bxc6 11. Qg4 g6 12. 0-0 Rb8 13. Bh6 f5 14. exf6 Bxf6 15. Rfe1 Rxb2 16. Nxe6 Nxe6 17. Rxe6+ Bxe6 18. Qxe6+ Qe7 19. Qxc6+ Kf7 20. Nxd5 Rhb8 21. Rf1 Qe6 22. Qc7+ Kg8 23. Nxf6+ Qxf6 24. Be3 R2b7 25. Qc4+ Qf7 26. Qd4 Rc8 27. h3 Rd7 28. Qa4 Rdc7 29. Rd1 Qe6 30. Rd4 a6 31. Qa5 Rxc2 32. Qg5 R2c7 33. Rd8+ Kf7 34. Qh6 Rxd8 35. Qxh7+ Ke8 36. Qxc7 Rd1+ 37. Kh2 Qd6+ 38. Qxd6 Rxd6 39. a4 a5 40. g4 Kf7 41. Kg2 Ke6 42. h4 Rc6 43. Bd2 Rc4 44. Bxa5 Rxg4+ 45. Kh3 Rxa4 46. Bd2 Kf5 47. f3 Ke5 48. Bg5 Ra1 49. Kg3 Rb1 50. Be3 Rb4 51. Bd2 Ra4 52. Bc3+ Kd5 53. Bf6 Rc4 54. Bg7 Kc5 55. Bh6 Kd5 56. Bg7 Ra4 57. Bf6 Ra6 58. Bg7 Ra8 59. Kg4 Ke6 60. Bh6 Kf6 61. Bg5+ Ke6 62. Bf4 Ra1 63. Kg3 Rg1+ 64. Kh2 Rb1 65. Kg3 Kd5 66. Be3 Kc4 67. Bh6 Kd3 68. Kf4 Rb5 69. Bg5 Ke2 70. Kg4 Rb4+ 71. Kg3 Rb1 72. Kg4 Rg1+ 73. Kf4 Rf1 74. Bf6 Rg1 75. Bg5 Rb1 76. Kg4 Rb4+ 77. Kg3 Kf1 78. Be7 Rb2 79. Bg5 Rg2+ 80. Kf4 Re2 81. Bf6 Rg2 82. Bg5 Ra2 83. Bd8 Rd2 84. Bg5 Ra2 85. Bd8 Ra8 86. Bg5 Kg2 87. Be7 Ra7 88. Bd8 Rd7 89. Bf6 Rd5 90. Kg4 Rf5 91. Be7 Rxf3 92. Kg5 Rg3+ 93. Kh6 Kh3 94. Bg5 Kg4 95. Kxg6 Rb3 96. h5 Rb6+ 97. Bf6 Rxf6+ 98. Kxf6 Kxh5 1/2-1/2

[Event "USA tt"]
[Site "ICC INT"]
[Date "2005.09.14"]
[Round "3"]
[White "Shneider, Aleksandr"]
[Black "Lugo, Blas"]
[Result "1/2-1/2"]
[WhiteElo "2529"]
[BlackElo "2406"]
[PlyCount "42"]
[EventDate "2005.10.05"]
[EventType "team"]
[EventRounds "10"]
[EventCountry "USA"]
[SourceTitle "CBM 108 Extra"]
[Source "ChessBase"]
[SourceDate "2005.11.04"]
[SourceVersion "1"]
[SourceVersionDate "2005.11.04"]
[SourceQuality "1"]

1. e4 e5 2. Nf3 Nc6 3. Bc4 Bc5 4. b4 Bxb4 5. c3 Bd6 6. d4 Qe7 7. 0-0 b6 8. Re1 Bb7 9. Bg5 f6 10. Be3 0-0-0 11. Nbd2 g5 12. Rb1 Nh6 13. Bd5 Ng4 14. Nc4 h5 15. Qa4 Kb8 16. Rb2 Rde8 17. Reb1 Nxe3 18. Nxe3 Qd8 19. Nf5 Bf8 20. Nd2 exd4 21. cxd4 Ne7 1/2-1/2

[Event "Minneapolis HB Global op"]
[Site "Minneapolis"]
[Date "2005.05.20"]
[Round "5"]
[White "Kacheishvili, Giorgi"]
[Black "Lugo, Blas"]
[Result "1-0"]
[WhiteElo "2597"]
[BlackElo "2406"]
[PlyCount "71"]
[EventDate "2005.05.18"]
[EventType "swiss"]
[EventRounds "9"]
[EventCountry "USA"]
[SourceTitle "CBM 107"]
[Source "ChessBase"]
[SourceDate "2005.08.01"]
[SourceVersion "1"]
[SourceVersionDate "2005.08.01"]
[SourceQuality "1"]

1. d4 d5 2. c4 c6 3. Nf3 Nf6 4. Nc3 e6 5. Bg5 dxc4 6. e4 b5 7. e5 h6 8. Bh4 g5 9. Nxg5 hxg5 10. Bxg5 Be7 11. exf6 Bxf6 12. Bxf6 Qxf6 13. g3 Na6 14. Bg2 Bb7 15. a4 0-0-0 16. axb5 Rxd4 17. Qe2 Nb4 18. bxc6 Nxc6 19. Nb5 Rd3 20. Bxc6 Bxc6 21. Nxa7+ Kb7 22. Nxc6 Kxc6 23. Qe4+ Kc5 24. 0-0 Rb8 25. Ra5+ Rb5 26. b4+ Kxb4 27. Ra4+ Kxa4 28. Qxc4+ Ka5 29. Qxd3 Qe5 30. Qd8+ Ka6 31. Qa8+ Kb6 32. Ra1 Kc5 33. Rc1+ Kb4 34. Qf8+ Kb3 35. Qxf7 Kb2 36. Qc7 1-0

[Event "USA-ch"]
[Site "San Diego"]
[Date "2004.11.26"]
[Round "3"]
[White "Kraai, Jesse"]
[Black "Lugo, Blas"]
[Result "0-1"]
[WhiteElo "2425"]
[BlackElo "2399"]
[PlyCount "54"]
[EventDate "2004.11.24"]
[EventType "swiss"]
[EventRounds "9"]
[EventCountry "USA"]
[SourceTitle "CBM 105"]
[Source "ChessBase"]
[SourceDate "2005.04.11"]
[SourceVersion "1"]
[SourceVersionDate "2005.04.11"]
[SourceQuality "1"]

1. e4 e5 2. Nf3 Nc6 3. Bc4 Bc5 4. b4 Bxb4 5. c3 Bd6 6. d4 Qe7 7. 0-0 b6 8. Bg5 f6 9. Be3 Bb7 10. Nbd2 0-0-0 11. Re1 g5 12. Bd5 exd4 13. Nxd4 Nxd4 14. Bxd4 c6 15. Bxg8 Rhxg8 16. Nc4 Bc7 17. Qa4 Qe6 18. Na3 Kb8 19. c4 Qd6 20. c5 Qxh2+ 21. Kf1 Qh1+ 22. Ke2 Qxg2 23. cxb6 Qxe4+ 24. Kf1 Qh1+ 25. Ke2 Qe4+ 26. Kf1 Qd3+ 27. Kg1 axb6 0-1

[Event "USA-ch"]
[Site "San Diego"]
[Date "2004.11.24"]
[Round "1"]
[White "De Firmian, Nick E"]
[Black "Lugo, Blas"]
[Result "1-0"]
[WhiteElo "2550"]
[BlackElo "2399"]
[PlyCount "89"]
[EventDate "2004.11.24"]
[EventType "swiss"]
[EventRounds "9"]
[EventCountry "USA"]
[SourceTitle "CBM 105"]
[Source "ChessBase"]
[SourceDate "2005.04.11"]
[SourceVersion "1"]
[SourceVersionDate "2005.04.11"]
[SourceQuality "1"]

1. e4 e5 2. Nf3 Nc6 3. Bb5 a6 4. Ba4 Nf6 5. 0-0 b5 6. Bb3 Bb7 7. d3 Bc5 8. Nc3 d6 9. a4 b4 10. Ne2 0-0 11. Ng3 Na5 12. Ba2 Bc8 13. c3 bxc3 14. bxc3 Bb6 15. Bg5 h6 16. Bh4 Bg4 17. h3 Bxf3 18. Qxf3 g5 19. Nf5 gxh4 20. Nxh6+ Kh8 21. Kh1 Nc6 22. a5 Bc5 23. Qf5 Nh7 24. Nxf7+ Rxf7 25. Qxf7 Qe7 26. Qh5 Rf8 27. f4 Qf6 28. Bc4 Ne7 29. f5 Be3 30. Bxa6 Rg8 31. Bc4 d5 32. Bxd5 Nxd5 33. exd5 Qg7 34. Qf3 Nf6 35. a6 Qg5 36. a7 Nh5 37. a8Q Ng3+ 38. Kh2 Nxf1+ 39. Qxf1 Qg3+ 40. Kh1 Bf4 41. Qg1 Rxa8 42. Rxa8+ Kg7 43. d6 Be3 44. f6+ Kf7 45. Qd1 1-0

[Event "Internet Section 11A g/8'+2\""]
[Site "Dos Hermanas"]
[Date "2004.03.10"]
[Round "2"]
[White "Lugo, Blas"]
[Black "Shkapenko, Pavel"]
[Result "0-1"]
[WhiteElo "2418"]
[BlackElo "2363"]
[PlyCount "88"]
[EventDate "2004.03.11"]
[EventType "swiss (blitz)"]
[EventRounds "9"]
[EventCountry "ESP"]
[SourceTitle "EXT 2005"]
[Source "ChessBase"]
[SourceDate "2004.11.15"]
[SourceVersion "1"]
[SourceVersionDate "2004.11.15"]
[SourceQuality "1"]

1. e4 c5 2. Nf3 e6 3. Nc3 Nc6 4. Bb5 Nd4 5. Bd3 Ne7 6. Nxd4 cxd4 7. Ne2 Nc6 8. 0-0 d5 9. exd5 Qxd5 10. c4 Qd8 11. Ng3 Be7 12. Qh5 h6 13. f4 g6 14. Qf3 f5 15. a3 a5 16. b3 Qd7 17. Bb2 b6 18. Ne2 Bb7 19. Qf2 Bc5 20. Rfe1 0-0 21. Kh1 Rae8 22. Qg3 Kh7 23. Ng1 Bd6 24. Nf3 g5 25. Qh3 Bxf4 26. g3 Ne5 27. gxf4 Bxf3+ 28. Kg1 g4 29. Qf1 Ng6 30. Qf2 Nxf4 31. Bf1 e5 32. b4 Rg8 33. Qh4 Nh3+ 34. Bxh3 gxh3+ 35. Kf2 Rg2+ 36. Kf1 Qg7 37. Qxh3 Rg1+ 38. Kf2 Rxe1 39. Rxe1 Bg4 40. Qg3 Qg5 41. Qd3 Qf4+ 42. Kg1 Rg8 43. Qg3 Bf3 44. Qxg8+ Kxg8 0-1

[Event "Internet Section 09B g/8'+2\""]
[Site "Dos Hermanas"]
[Date "2004.03.09"]
[Round "8"]
[White "Lugo, Blas"]
[Black "Li, Shilong"]
[Result "1-0"]
[WhiteElo "2418"]
[BlackElo "2522"]
[PlyCount "111"]
[EventDate "2004.03.09"]
[EventType "swiss (blitz)"]
[EventRounds "9"]
[EventCountry "ESP"]
[SourceTitle "CBM 099 Extra"]
[Source "ChessBase"]
[SourceDate "2004.05.04"]
[SourceVersion "1"]
[SourceVersionDate "2004.05.04"]
[SourceQuality "1"]

1. e4 c6 2. Nc3 d5 3. Nf3 Bg4 4. d4 dxe4 5. Nxe4 Bxf3 6. Qxf3 Qxd4 7. Be3 Qxb2 8. Bc4 Nf6 9. 0-0 Qb4 10. Nxf6+ gxf6 11. Qg4 e6 12. Rab1 Qe7 13. Rfd1 Na6 14. Bxa6 bxa6 15. Qa4 Qc7 16. Qxa6 Bg7 17. Rb7 Qc8 18. Bc5 Bf8 19. Rdd7 Bxc5 20. Rdc7 0-0 21. Rxc8 Raxc8 22. Qc4 Bb6 23. Qg4+ Kh8 24. Qf4 Kg7 25. Kf1 Rcd8 26. Qg4+ Kh8 27. Qf3 Kg7 28. Qg4+ Kh8 29. Qf4 Kg7 30. h4 Rd4 31. Qg3+ Kh8 32. Rb8 Rxb8 33. Qxb8+ Kg7 34. Ke2 h5 35. g3 Rc4 36. Kd3 Ra4 37. Qb7 Rd4+ 38. Ke2 c5 39. c3 Ra4 40. Qf3 Rxa2+ 41. Kd3 Rxf2 42. Qxh5 Rg2 43. g4 Rh2 44. g5 fxg5 45. Qxg5+ Kf8 46. h5 Rh3+ 47. Kc4 Ke8 48. h6 Bd8 49. Qg8+ Kd7 50. Qxf7+ Kd6 51. h7 Rh4+ 52. Kb5 Ke5 53. Qg7+ Bf6 54. Qg3+ Kf5 55. Qxh4 Bxh4 56. h8Q 1-0

[Event "Internet Section 09B g/8'+2\""]
[Site "Dos Hermanas"]
[Date "2004.03.09"]
[Round "6"]
[White "Nyback, Tomi"]
[Black "Lugo, Blas"]
[Result "1-0"]
[WhiteElo "2497"]
[BlackElo "2418"]
[PlyCount "75"]
[EventDate "2004.03.09"]
[EventType "swiss (blitz)"]
[EventRounds "9"]
[EventCountry "ESP"]
[SourceTitle "CBM 099 Extra"]
[Source "ChessBase"]
[SourceDate "2004.05.04"]
[SourceVersion "1"]
[SourceVersionDate "2004.05.04"]
[SourceQuality "1"]

1. Nf3 d5 2. d4 Nf6 3. c4 c6 4. Nc3 e6 5. Bg5 dxc4 6. e4 b5 7. e5 h6 8. Bh4 g5 9. Nxg5 hxg5 10. Bxg5 Be7 11. exf6 Bxf6 12. Bxf6 Qxf6 13. g3 Na6 14. Bg2 Bb7 15. Ne4 Qe7 16. 0-0 0-0-0 17. a4 f5 18. Nc3 b4 19. Ne2 Nc5 20. Qc2 Ne4 21. Rfc1 Qh7 22. h4 Ba6 23. a5 Bb5 24. a6 e5 25. Rd1 c3 26. bxc3 Bxe2 27. Qxe2 Nxc3 28. Qxe5 Nxd1 29. Rxd1 Rhe8 30. Qc5 Qc7 31. Bxc6 Re6 32. Rc1 Kb8 33. Qxb4+ Qb6 34. Qc4 Red6 35. d5 Qb2 36. Rc3 Qb1+ 37. Kh2 Qe4 38. Qb5+ 1-0